01676nam a22002177a 4500003000900000005001700009008004100026040002400067100004200091245024700133260003600380300005600416502021300472504005300685505032500738650010701063651007301170700003301243700003801276830014401314DO-SdBJH20191031230951.0171026b xxu||||| |||| 00| 0 esp d cRCAAaDO-SdBJHbspa1 aReyes Concepción, Eddyesustentante10aLecciones aprendidas mediante la ejecución de los planes correctivos para enfrentar la delincuencia juvenil en Cristo Rey, Santo Domingo, Distrito Nacional / c Eddy Reyes Concepción, asesores Freddy Marte Acosta, Francisco Acosta Pérez aSanto Domingo :bINSUDE, c2016 axiv, 82 páginas, ilustraciones-gráficos-tablas  aTesis (Especialidad en Comando y Estado Mayor Conjunto) -- Instituto Superior para la Defensa (INSUDE). -- Escuela de Graduados en Comando y Estado Mayor “General de División Gregorio Luperón”, 2016. aIncluye referencias bibliográficas e índices aMarco referencial sobre delincuencia juvenil en Cristo Rey. -- Planes correctivos desarrollados para prevenir y enfrentar la delincuencia juvenil en el sector de Cristo Rey. -- Distrito Nacional. -- Lecciones aprendidas mediante la implementación de planes para prevenir la delincuencia juvenil en el sector Cristo Rey 4aImplementación planes prevenir delincuencia -- Sector Cristo Rey -- Santo Domingo. Distrito Nacional 4aRepública Dominicana -- Delincuencia juvenil -- Planes correctivas1 aMarte Acosta, Freddyeasesor1 aAcosta Pérez, Franciscoeasesor aINSUDE. Escuela de Graduados en Comando y Estado Mayor “General de División Gregorio Luperón”. Tesis y disertaciones académicas